Mťodos alternativos de solucin̤ de conflictos perspectiva multidisciplinar

Detalles Bibliográficos
Formato: Desconocido
Lenguaje:español
Publicado: Madrid : Dykinson, S.L., 2006
Colección:Ciencias jurd̕icas y sociales ; 40
Materias:
Acceso en línea:Acceso restringido

MARC

LEADER 00000ny a22000003n 4500
005 20110523103631.0
008 060531s2006 sp s 000 0 spa c
017 |a SE 2381-2006 
020 |a 8497728629 
035 |a 1398 
040 |a Mpons  |d UMA.RE  |d vLex 
080 |a 341.6 
090 |c 140  |d 140 
245 0 0 |a Mťodos alternativos de solucin̤ de conflictos  |h [Recurso electrn̤ico]  |b perspectiva multidisciplinar 
256 |a Servicio en ln̕ea 
260 |a Madrid :   |b Dykinson, S.L.,  |c 2006 
300 |a 364 p. ;   |c 24 cm 
490 1 |a Ciencias jurd̕icas y sociales ;   |v 40 
500 |a Dir. Marta Gonzalo Quiroga 
506 1 |a Contenido solo disponible en los productos indicados  |d vLex Global  |d vLex Global (Academic Edition, excluding Law Schools)  |d vLex Global (U.S. Academic Edition, Law Schools)  |d vLex Global (U.S. Academic Edition, excluding Law Schools)  |d vLex Global (Academic Edition, Law Schools) 
650 0 4 |a Derecho internacional pb︢lico 
740 0 |a vLex Libros (Servicios en ln̕ea) 
856 4 0 |z Acceso restringido  |u http://vlex.com/source/solucion-conflictos-1398 
942 |c BOOK 
999 0 |a International law